22 XV : (Record no. 76062)

MARC details
000 -LEADER
campo de control de longitud fija 00840cam a2200301Mi 4500
001 - NÚMERO DE CONTROL
campo de control 72828
005 - FECHA Y HORA DE LA ÚLTIMA TRANSACCIÓN
campo de control 20230410130544.0
008 - DATOS DE LONGITUD FIJA--INFORMACIÓN GENERAL
campo de control de longitud fija 090727s2008 mx 000 0 spa d
035 ## - NÚMERO DE CONTROL DEL SISTEMA
Número de control de sistema (OCoLC)ocn465315595
040 ## - FUENTE DE CATALOGACIÓN
Centro catalogador/agencia de origen CSt
Centro/agencia transcriptor STF
020 ## - NÚMERO INTERNACIONAL ESTÁNDAR DEL LIBRO
Número Internacional Estándar del Libro 9703515762
020 ## - NÚMERO INTERNACIONAL ESTÁNDAR DEL LIBRO
Número Internacional Estándar del Libro 9789703515769
035 ## - NÚMERO DE CONTROL DEL SISTEMA
Número de control de sistema (OCoLC)465315595
050 14 - SIGNATURA TOPOGRÁFICA DE LA BIBLIOTECA DEL CONGRESO
Número de clasificación PN 1992.3
Número de ítem V427 2008
049 ## - FONDOS LOCALES (OCLC)
Biblioteca depositaria GRAL
245 00 - MENCIÓN DEL TÍTULO
Título 22 XV :
Resto del título Canal 22 XV años.
246 3# - FORMA VARIANTE DEL TITULO
Título propio/Titulo breve Veintidos quince
246 30 - FORMA VARIANTE DEL TITULO
Título propio/Titulo breve Canal 22 XV años
246 3# - FORMA VARIANTE DEL TITULO
Título propio/Titulo breve Canal veintidos quince años
250 ## - MENCION DE EDICION
Mención de edición 1. ed.
260 ## - PUBLICACIÓN, DISTRIBUCIÓN, ETC.
Lugar de publicación, distribución, etc. [México, D.F.] :
Nombre del editor, distribuidor, etc. Consejo Nacional para la Cultura y las Artes,
Fecha de publicación, distribución, etc. c2008.
300 ## - DESCRIPCIÓN FÍSICA
Extensión 261 p.
650 #0 - PUNTO DE ACCESO ADICIONAL DE MATERIA--TÉRMINO DE MATERIA
Término de materia o nombre geográfico como elemento de entrada Television broadcasting
Subdivisión geográfica Mexico
Subdivisión general History.
653 ## - TÉRMINO DE INDIZACIÓN--NO CONTROLADO
Término no controlado Television broadcasting
-- Mexico
-- History
942 ## - ELEMENTOS DE ENTRADA SECUNDARIOS (KOHA)
Fuente del sistema de clasificación o colocación Clasificación de Library of Congress
Tipo de ítem Koha
994 ## -
-- C0
-- DRFGD
946 ## - PROCESAMIENTO DE INFORMACIÓN LOCAL (OCLC)
a CA
Holdings
Estatus retirado Estado de pérdida Fuente del sistema de clasificación o colocación Estado de daño No para préstamo Colección Biblioteca de origen Biblioteca actual Ubicación en estantería Fecha de adquisición Serial enumeration / chronology Signatura topográfica completa Código de barras Visto por última vez Copia número Tipo de ítem Koha
    Clasificación de Library of Congress     Humanidades Biblioteca Juan Bosch Biblioteca Juan Bosch Humanidades (4to. Piso) 10/04/2023 1 PN 1992.3 V427 2008 00000063256 25/10/2018 1